000 00636nam a2200265Ia 4500
005 20260306164448.0
008 008 260114s9999 xx 000 0 eng d
020 _a9780199968756
037 _aEBOOK
040 _aCRL
040 _beng
040 _cCRL
041 _2eng
041 _aeng
084 _qCRL
100 _aEpstein
245 4 _aThe Oxford Handbook Of Sentencing And Corrections
260 _bOxford University Press
260 _c2012
650 _aLaw & Criminology
856 _uhttps://academic.oup.com/edited-volume/36315
942 _cEBOOK
999 _c1714175
_d1714175